000
00311nam a2200145Ia 4500
100
_a
Tamres/Louise
942
_c
BK
654
_a
software testing
245
_a
Introducing Software testing
260
_b
Pearson Education
_c
2002
082
_a
5.15
_b
TAM
300
_a
281
546
_a
ENGLISH
999
_c
27866
_d
27866